000 00814nam a2200265Ia 4500
003 GCL
008 140319s9999 xx 000 0 ara d
040 _aGCL /
_cGCL
082 0 4 _a331.126
_bع ك
100 1 _aعبدالعزيز فهمى هيكل
245 1 0 _aالكومبيوتر فى خدمة العرض والطلب /
_cعبدالعزيز فهمى هيكل
260 _a[S.N] :
_bدار الراتب الجامعية ،
_c1988
300 _a243 ص
490 _a
650 0 4 _aالاقتصاد الكلى
650 0 4 _aالاقتصاد
650 0 4 _aاللغات
650 0 4 _aالحاسبات الالكترونية
650 0 4 _aالعرض والطلب
650 0 4 _aباسيك
650 0 4 _aالبرامج
650 0 4 _aالاحتكار
650 0 4 _aالانتاج
942 _2ddc
_cBK
999 _c36669
_d36669